000 00480nam a2200181Ia 4500
001 14868
005 20260306164945.0
008 260306t2008||||xx |||||||||||||| ||spa||
041 _aESP
082 _a519.5
_bE43
100 _aElorza Pérez-Tejada, Haroldo
_eAUT
245 0 _aEstadística para las ciencias sociales, del comportamiento y de la salud
260 _c2008
300 _a815 páginas :
_c27 cm.
650 _aGEN
654 _aCMA
942 _cLIB
_dJUS
_fJUS
_2ddc
_n
999 _c14868
_d14868